000 00617nam a2200181 i 4500
001 38319
003 ES-MaACL
005 20251015063050.0
007 t|
008 030225s1877 sp ||||1| spa d
100 1 _aCalderón y Arana, Salvador,
_d1851-1911
_933607
245 1 0 _aEnumeración de los vertebrados fósiles de España /
_cpor Salvador Calderón Arana.
260 _aMadrid :
_b[s.n.],
_c1877 (
_fImp. de T. Fortanet)
300 _a35 p. ;
_c25 cm.
650 4 _aFósiles-
_zEspaña.
_9149081
852 _aES-MaACL
_jT-1105-F-5
_z.- Legado Federico de Botella y Hornos
999 _c38319
_d38319